|
|
|
|
| LEADER |
00000nab a2200000ua 4500 |
| 001 |
vtls010799322 |
| 003 |
SK-MaSNL |
| 005 |
20260304010858.0 |
| 008 |
230222s1988 xo |||||||||||||||||slo| |
| 035 |
|
|
|a (urnnbn)urn:nbn:sk:snk:ar-a0070f
|
| 035 |
|
|
|a (uuid)2b24999b-ceb5-44e0-8f31-31e33de46248
|
| 035 |
|
|
|a urn:nbn:sk:snk-ab45dz
|
| 040 |
|
|
|a SNKBUCL
|b slo
|c SNKBUCL
|e AACR2
|
| 041 |
0 |
|
|a slo
|
| 044 |
|
|
|a xo
|c SK
|
| 100 |
1 |
|
|a Janitor, Anton,
|d 1937-
|4 aut
|
| 245 |
1 |
0 |
|a POZOR na otravy hubami
|c Anton Janitor
|
| 650 |
0 |
7 |
|a huby
|2 SNKPH
|9 3562
|
| 650 |
0 |
7 |
|a intoxikácia
|2 SNKPH
|9 27403
|
| 650 |
0 |
7 |
|a jedovaté huby
|2 SNKPH
|9 51085
|
| 773 |
0 |
|
|t Rodina a škola
|g Roč. 35, č. 10 (1988), s. 4-5
|
| 954 |
|
|
|a odborná, vedecká literatúra pôvodná (slovenská)
|2 lita
|
| 958 |
|
|
|a OND
|
| 958 |
|
|
|a EUIPO
|
| 958 |
|
|
|a article3
|
| 999 |
|
|
|c 2563439
|d 2565369
|